00373nam a2200157Ia 4500003000400000005001700004008004000021040000700061041000800068082001600076100000600092245003500098260004200133300001400175650002600189OSt20251210142322.0210210b1966 xxu||||| |||| 00| 0 eng d cAL aeng a823.08 ENGL a- aEnglish short stories of today aLondonbOxford University Pressc1966 aviii,243p aEnglish short stories